100 años de vallenato / (Registro nro. 36990)

Detalles MARC
000 -CABECERA
Longitud fija campo de control 00823nam a2200241Ia 4500
003 - • IDENTIFICADOR DELl NÚMERO DE CONTROL
Identificador del número de control CO-ViMGA
008 - • CÓDIGOS DE INFORMACIÓN DE LONGITUD FIJA
Códigos de información de longitud fija 302016 2016 ck aog s sp spa spa
020 ## - • NÚMERO INTERNACIONAL NORMALIZADO PARA LIBROS
Número Internacional Normalizado para Libros (ISBN) 9789588912561
040 ## - FUENTE DE LA CATALOGACIÓN
Centro catalogador de origen CO-ViMGA
Lengua de catalogación spa
Centro transcriptor CO-ViMGA
082 04 - • NÚMERO DE LA CLASIFICACIÓN DECIMAL DEWEY
Número de clasificación (R) 781.6309861
Número del ítem T12c
100 1# - • PUNTO DE ACCESO PRINCIPAL-NOMBRE DE PERSONA
Nombre de persona Tafur, Pilar
245 10 - • TITULO PROPIAMENTE DICHO
Título 100 años de vallenato /
Mención de responsabilidad, etc. Pilar Tafur, Daniel Samper Pizano
250 ## - • MENCIÓN DE EDICIÓN
Mención de edición Primera edición
300 ## - • DESCRIPCIÓN FÍSICA
Extensión 226 páginas
Otras características físicas ilustraciones y fotografías a color y blanco y negro
Material Anexo 6 CDS
500 ## - • NOTA GENERAL
Nota general En carátula Nueva edición con ñapa
505 ## - • NOTA DE CONTENIDO CON FORMATO
Nota de contenido con formato 107 cantos
650 14 - • PUNTO DE ACCESO ADICIONAL DE MATERIA - TÉRMINO DE MATERIA
Término de materia o nombre geográfico como elemento inicial Compositores vallenatos
650 14 - • PUNTO DE ACCESO ADICIONAL DE MATERIA - TÉRMINO DE MATERIA
Término de materia o nombre geográfico como elemento inicial Música popular
Subdivisión cronológica Colombia
650 14 - • PUNTO DE ACCESO ADICIONAL DE MATERIA - TÉRMINO DE MATERIA
Término de materia o nombre geográfico como elemento inicial Música vallenata
Subdivisión de materia general Historia y crítica
700 1# - • PUNTO DE ACCESO ADICIONAL - NOMBRE DE PERSONA
Nombre de persona Samper Pizano, Daniel
Fechas asociadas al nombre 1945-
942 ## - ENTRADA DE ELEMENTOS AGREGADOS (KOHA)
Fuente de clasificaión o esquema Dewey Decimal Classification
Koha [por defecto] tipo de item LIbro
Existencias
Perdido Fuente de clasificación o esquema Estado Físico No para préstamo Forma de adquisición Localización permanente Localización actual Fecha adquisición Coste, precio normal de compra Préstamos totales Signatura completa Código de barras Fecha última consulta Fecha último préstamo Número de copia Fecha del precio de reemplazo Tipo de item de Koha Serie de enumeración / cronolog&íacute;a Localización en estanterías Fuente de adquisición Calificador de ubicación codificada
  Dewey Decimal Classification     Colección General Biblioteca Pública Puerto López - Jorge Eliecer Gaitán Biblioteca Pública Puerto López - Jorge Eliecer Gaitán 08/21/2025     781.6309861 T12c PLZ02702 08/21/2025   Ej.1 08/21/2025 LIbro   General    
  Dewey Decimal Classification     Sala General Segundo Piso Biblioteca Pública Germán Arciniegas - Villavicencio Biblioteca Pública Germán Arciniegas - Villavicencio 09/01/2019 19916.00 1 781.630986 T12c 331280 05/10/2019 04/29/2019 1 03/14/2018 LIbro        
  Dewey Decimal Classification     Sala General Segundo Piso Biblioteca Pública Germán Arciniegas - Villavicencio Biblioteca Pública Germán Arciniegas - Villavicencio 03/15/2018     781.630986 T12c 12655 03/15/2018   1 03/15/2018 LIbro cd 6      
  Dewey Decimal Classification     Sala General Segundo Piso Biblioteca Pública Germán Arciniegas - Villavicencio Biblioteca Pública Germán Arciniegas - Villavicencio 03/15/2018     781.630986 T12c 331291 03/15/2018   1 03/15/2018 LIbro cd 1      
  Dewey Decimal Classification     Sala General Segundo Piso Biblioteca Pública Germán Arciniegas - Villavicencio Biblioteca Pública Germán Arciniegas - Villavicencio 03/15/2018     781.630986 T12c 331292 03/15/2018   1 03/15/2018 LIbro cd 5      
  Dewey Decimal Classification     Sala General Segundo Piso Biblioteca Pública Germán Arciniegas - Villavicencio Biblioteca Pública Germán Arciniegas - Villavicencio 03/15/2018     781.630986 T12c 331293 03/15/2018   1 03/15/2018 LIbro cd 4      
  Dewey Decimal Classification     Sala General Segundo Piso Biblioteca Pública Germán Arciniegas - Villavicencio Biblioteca Pública Germán Arciniegas - Villavicencio 03/15/2018     781.630986 T12c 331294 03/15/2018   1 03/15/2018 LIbro cd 3      
  Dewey Decimal Classification     Sala General Segundo Piso Biblioteca Pública Germán Arciniegas - Villavicencio Biblioteca Pública Germán Arciniegas - Villavicencio 03/15/2018     781.630986 T12c 331295 03/15/2018   1 03/15/2018 LIbro cd 2      
  Dewey Decimal Classification     Colección General Biblioteca Pública Mapiripan - Jorge Eliecer Gaitán Biblioteca Pública Mapiripan - Jorge Eliecer Gaitán 11/13/2025     781.6309861 T12c MPJG01068 11/13/2025   Ej.1 11/13/2025 LIbro   General    
  Dewey Decimal Classification     Colección General Biblioteca Pública Medellin del Ariari - El Castillo Biblioteca Pública Medellin del Ariari - El Castillo 11/10/2024     781.6309861 T12c BM0001611 11/10/2024   Ej.1 11/10/2024 LIbro   General    
  Dewey Decimal Classification     Colección General Biblioteca Pública Rural El Yarí- vereda Playa Rica La Macarena Biblioteca Pública Rural El Yarí- vereda Playa Rica La Macarena 06/12/2025     781.6309861 T12c 9789588912561 07/16/2025   Ej.1 07/16/2025 LIbro   General ministerio de cultura 9789588912561









Instituto Departamental de Cultura del Meta - Red Departamental de Bibliotecas Públicas del Meta.